Invectiva contra el estrago de las viruelas (Record no. 156060)
[ view plain ]
| 000 -LEADER | |
|---|---|
| campo de control de longitud fija | 00949nam a22001695i 4500 |
| 001 - NÚMERO DE CONTROL | |
| campo de control | 156060 |
| 003 - IDENTIFICADOR DE NÚMERO DE CONTROL | |
| campo de control | ES-MaACL |
| 005 - FECHA Y HORA DE LA ÚLTIMA TRANSACCIÓN | |
| campo de control | 20230906210315.0 |
| 008 - DATOS DE LONGITUD FIJA--INFORMACIÓN GENERAL | |
| campo de control de longitud fija | 050823s1799 sp | |||||||| ||spa d |
| 040 ## - FUENTE DE CATALOGACIÓN | |
| Centro catalogador/agencia de origen | CAM |
| Lengua de catalogación | spa |
| Centro/agencia transcriptor | CAM |
| 245 00 - MENCIÓN DEL TÍTULO | |
| Título | Invectiva contra el estrago de las viruelas |
| Resto del título | : octavas que con el dolor de haber perdido un hijo en la última epidemia, tuvo la honra de presentar á los reales pies de la Reyna ... uno de sus mas humildes vasallos en celebridad del restablecimiento de la ... Infanta Princesa de Parma, Doña María Luisa y demostración de complacencia por el acierto de SS.MM. en la inoculación de su Real Familia. |
| 260 ## - PUBLICACIÓN, DISTRIBUCIÓN, ETC. | |
| Lugar de publicación, distribución, etc. | Madrid : |
| Nombre del editor, distribuidor, etc. | [s.n.], |
| Fecha de publicación, distribución, etc. | 1799 ( |
| Fabricante | Imprenta de Fermín Villalpando) |
| 300 ## - DESCRIPCIÓN FÍSICA | |
| Extensión | XIV p. ; |
| Dimensiones | 4º. |
| 600 04 - PUNTO DE ACCESO ADICIONAL DE MATERIA--NOMBRE DE PERSONA | |
| Nombre de persona | María Luisa |
| Títulos y otros términos asociados al nombre | Reina consorte de Carlos IV, Rey de España. |
| 9 (RLIN) | 76667 |
| 650 #4 - PUNTO DE ACCESO ADICIONAL DE MATERIA--TÉRMINO DE MATERIA | |
| Término de materia o nombre geográfico como elemento de entrada | Viruela. |
| 9 (RLIN) | 136988 |
| 852 ## - LOCALIZACIÓN | |
| Ubicación | ES-MaACL |
| Número de control de estantería | R-3051 |
| Encuadernación | Olim:T-205-F |
| Nota libre | -- Enc. pasta española con hierros |
| Estatus retirado | Estado de pérdida | Estado de daño | No para préstamo | Colección | Biblioteca de origen | Biblioteca actual | Ubicación en estantería | Fecha de adquisición | Fuente de adquisición | Total de préstamos | Signatura topográfica completa | Código de barras | Visto por última vez | Precio de reemplazo | Tipo de ítem Koha |
|---|---|---|---|---|---|---|---|---|---|---|---|---|---|---|---|
| Libros del s. XVIII | Biblioteca del Ateneo de Madrid | Biblioteca del Ateneo de Madrid | Depósito | 17/01/2008 | R-3051 | 1163266 | 23/02/2023 | 23/02/2023 | Libro impreso antiguo |
